| 000 | 00922nam0a2200301 i 4500 | ||
|---|---|---|---|
| 001 | RU\NLR\BIBL_A\010771899 | ||
| 005 | 20240725000821.0 | ||
| 010 | _a9785990526211 | ||
| 021 |
_aRU _b2015-29934 _91773 |
||
| 035 | _a(NILC)RuMoRGB-007914732 | ||
| 035 | _a(NLR Aleph) 010771899 | ||
| 090 |
_a10025327 _c10025327 |
||
| 100 | _a20150529d2015 m y0rusy50 ca | ||
| 101 | 0 | _arus | |
| 102 | _aRU | ||
| 105 | _aac z 000gy | ||
| 200 | 1 |
_aСедые годы _e[стихи] _fНина Стёпина |
|
| 210 |
_aСергиев Посад _cРоссийская книжная палата _d2015 |
||
| 215 |
_a155 с. _cил., портр. _d21 |
||
| 686 | 2 | _aШ6(2=Р)8-5 | |
| 700 | 1 |
_aСтёпина _bН. С. _gНина С. |
|
| 801 | 0 |
_aRU _bРГБ _c20150417 _gRCR |
|
| 801 | 1 |
_aRU _bРГБ _c20150417 _2rusmarc |
|
| 942 | _cBOOK | ||
| 980 | _aNBR | ||